Представление документа в формате RUSMARC

ПолеНазваниеЗначение
  Тип записи a
  Библиографический уровень m
001 Контрольный номер RU/ЭБС IPRbooks/9790
005 Дата корректировки 20180118151536.8
010 Индекс ISBN __
a ISBN 978-5-93926-200-2
100 Данные общей обработки __
a Данные общей обработки 20110101d2011 |||y0rusy0250
101 Язык документа 0_
a Язык текста rus
102 Страна публикации __
a Страна публикации RU
200 Заглавие и сведения об ответственности 0_
a Заглавие Экономико-правовые аспекты стратегии модернизации России. Потенциал и перспективы реализации социальных и технологических инноваций. Часть 2
b Общее обозначение материала Электронный ресурс
e Сведения, относящиеся к заглавию сборник научных трудов
f Первые сведения об ответственности Ю.К. Бгане
f Первые сведения об ответственности Л.С. Бартош
f Первые сведения об ответственности В.А. Бикмашев
f Первые сведения об ответственности О.В. Сайдашева
f Первые сведения об ответственности М.Л. Альпидовская
f Первые сведения об ответственности В.А. Анциферов
f Первые сведения об ответственности К.А. Арзуманян
g Последующие сведения об ответственности В.В. Сорокожердьев
g Последующие сведения об ответственности Г.Б. Клейнер
g Последующие сведения об ответственности З.М. Хашева
g Последующие сведения об ответственности ред. О.В. Иншаков
r Сборник статей
210 Выходные данные __
a Место издания Краснодар
c Издательство Южный институт менеджмента
d Дата издания 2011
215 Физическое описание __
a Объем 412 c.
300 Общие примечания __
a Общие примечания Книга находится в базовой версии ЭБС IPRbooks.
330 Аннотация __
a Аннотация В настоящем сборнике статей представлены материалы, подготовленные участниками Международной научно-практической конференции «Экономико-правовые аспекты стратегии модернизации России: потенциал и перспективы реализации социальных и технологических инноваций, проведенной в г. Сочи 29 сентября – 3 октября 2011 г. Для научных работников, специалистов в области экономики и права, студентов экономических и общественных специальностей, всех, кто интересуется проблемами экономики, права и экономической политики.
610 Ключевые слова 1_
a Ключевые слова модернизация
610 Ключевые слова 1_
a Ключевые слова социальная инновация
610 Ключевые слова 1_
a Ключевые слова технологическая инновация
610 Ключевые слова 1_
a Ключевые слова экономика
610 Ключевые слова 1_
a Ключевые слова экономическая политика
675 Индекс УДК __
a Индекс УДК 330
686 Индексы других классификаций __
a Классификационный индекс 65.9
2 Код системы rubbk
700 Автор _1
b Имя М.Л.
a Фамилия Альпидовская
4 Код отношения 070
701 Альтернативная интеллектуальная ответственность _1
b Имя В.А.
a Фамилия Анциферов
4 Код отношения 070
701 Альтернативная интеллектуальная ответственность _1
b Имя К.А.
a Фамилия Арзуманян
4 Код отношения 070
701 Альтернативная интеллектуальная ответственность _1
b Имя О.В.
a Фамилия Сайдашева
4 Код отношения 070
701 Альтернативная интеллектуальная ответственность _1
b Имя Л.С.
a Фамилия Бартош
4 Код отношения 070
701 Альтернативная интеллектуальная ответственность _1
b Имя Ю.К.
a Фамилия Бгане
4 Код отношения 070
701 Альтернативная интеллектуальная ответственность _1
b Имя В.А.
a Фамилия Бикмашев
4 Код отношения 070
856 Электронный адрес документа 4_
u Универсальный указатель ресурса (URL) http://www.iprbookshop.ru/9790.html
z Публикуемое примечание Перейти к просмотру издания